00438nam a2200145 a 450000100060000000300090000600800410001504000280005608200200008411000310010424500600013526000490019530000070024465000410025121864CO-ViMGA141112s2004 ck r 000 u spa d aCO-ViMGAbspacCO-ViMGA04a737.49861 N854m aNumismáticos Colombianos10aMonedas de Colombia 1813 - 1973 ( Plata, cobre, niquel) aBogotá : bBanco de la República, c1973 a9214aNUMISMATICA - COLOMBIA - 1813 - 1973